Sistemas de psicología: fenomenología, psicología de la Gestalt, psicología del individuo
Salvato in:
| Autori principali: | , , , , |
|---|---|
| Natura: | Libro |
| Lingua: | spagnolo |
| Pubblicazione: |
Buenos Aires
Paidós
1966
|
| Serie: | Biblioteca del hombre contemporáneo
|
| Soggetti: | |
| Tags: |
Aggiungi Tag
Nessun Tag, puoi essere il primo ad aggiungerne!!
|
MARC
| LEADER | 00000nam a2200000 a 4500 | ||
|---|---|---|---|
| 001 | UCY6084 | ||
| 003 | CL-VaPUC | ||
| 008 | 950521e19660000AG |||||||||||||||||spa|d | ||
| 082 | 0 | 4 | |a 150.19 |b BRO |2 21 |
| 100 | 0 | |a Brown, J. F |e author |9 335716 | |
| 700 | 0 | |a Winn, Ralph B |e author |9 335717 | |
| 700 | 0 | |a Creegan, Robert F |e author |9 335718 | |
| 700 | 0 | |a Wheeler, Raymond Holder |e author |9 335719 | |
| 700 | 0 | |a Adler, Alexandra |e author |9 335720 | |
| 245 | 1 | 0 | |a Sistemas de psicología: fenomenología, psicología de la Gestalt, psicología del individuo |
| 300 | |a 84 p | ||
| 942 | |c BK | ||
| 945 | |d 19950521 00:00:00 |a mfernand | ||
| 260 | |a Buenos Aires |b Paidós |c 1966 | ||
| 600 | 0 | 7 | |a ADLER, ALFRED |2 CL-VaPUC |9 328579 |
| 650 | 7 | |a ESCUELAS DE PSICOLOGIA |2 CL-VaPUC |9 334607 | |
| 650 | 7 | |a PSICOLOGIA GESTALTICA |2 CL-VaPUC |9 306251 | |
| 650 | 0 | |a Psicología individual |9 309049 | |
| 650 | 0 | |a Fenomenología |9 256519 | |
| 650 | 0 | |a Neurosis |9 312889 | |
| 583 | |a last modification |c 19950521 00:00:00 |k Rodrigo Vera | ||
| 490 | 0 | |a Biblioteca del hombre contemporáneo | |
| 999 | |c 233667 |d 233665 | ||
| 952 | |0 0 |1 0 |4 0 |6 150_190000000000000_BRO_1966 |7 0 |8 P |9 239340 |a BIBEDU |b BIBEDU |c BIBEDU_PB |d 2019-11-18 |i 1505904 |o 150.19 BRO 1966 |p 1505904 |r 2024-01-25 |w 2019-11-18 |y BK |k EDU | ||
| 952 | |0 0 |1 0 |4 0 |6 150_190000000000000_BRO_1966 |7 0 |8 P |9 239341 |a BIBEDU |b BIBEDU |d 2019-11-18 |i 1505912 |o 150.19 BRO 1966 |p 1505912 |r 2019-11-18 |w 2019-11-18 |y BK |k EDU | ||
| 952 | |0 0 |1 0 |4 0 |6 150_190000000000000_BRO_1966 |7 0 |8 P |9 239342 |a BIBEDU |b BIBEDU |c BIBEDU_PB |d 2019-11-18 |i 328798K |o 150.19 BRO 1966 |p 328798K |r 2024-01-25 |w 2019-11-18 |y BK |k EDU | ||